000 00420nam a2200145 a 4500
005 20140412111349.0
008 050421s19uu xx 00 eng d
050 _aER
_bOl1 1999
245 _aOld Mother hubbard /
_cillustratrions by Frank Adams.
260 _aEngland :
_bRobert Frederick Publishers,
_c1999.
300 _a1 v. (unp.) ; ill.
650 _aDogs
_xFiction
650 _aChildren stories
999 _c105280
_d105280